00513pab a2200157 454500008004000000100002000040245007700060260000900137300001300146362000800159650003600167773001600203909001100219999001900230952010600249180718b2017 xxu||||| |||| 00| 0 eng d aSingh, Manikant aSankalp Se Sidhhi: attainment through resolve: 1942 and 2017: an analogy c2017 ap.50-52. aSep aEconomic and social development aKurukshetra a115968 c115962d115962 00104070aIIPAbIIPAd2018-07-19hVolume no: 65, Issue no: 11pAR116428r2018-07-19w2018-07-19yAR